000 00651nam a22002177a 4500
003 BUBTL
008 180409b xxu||||| |||| 00| 0 eng d
020 _a978-81-317-3094-2
082 _bSUF
100 _91840
_aSuresh, Padmalatha
245 _aManagement of Banking and Financial Services
_cPadmalatha Suresh
250 _a2nd
260 _aNew Delhi
_bPearson
_c2010
300 _a[xiii] , 596p . :
_bill , Chart , Table ; 29cm .
_cFinance .
500 _aIncludes Index .
650 0 _918
_aFinance
700 _91841
_aPadmalatha Suresh , Justin Paul
856 _k0
_l0
_yDownload
942 _2ddc
_cBK
999 _c5704
_d5704